00515nam a2200193 a 4500001001300000003000900013005001700022008004100039020002300080082001700103100001700120245002800137260004300165300001000208500003500218505002800253650002300281700001700304nice12345678IN_TiNIC20260116014058.0140525s2011 oxfa grp 000 0 eng  a9781851686940c59500a297.122bGAD aGade, Anna M aQuranb An Introduction aOxford bOne World Publications c2011 a304p  aincludes index and biblioraphy2 aglossary, biblio, index aQuran-Appreciation1 aGade, Anna M